Care aware (Record no. 79507)
[ view plain ]
| 000 -LEADER | |
|---|---|
| fixed length control field | 01062cab a22002055a 4500 |
| 001 - CONTROL NUMBER | |
| control field | L141484 |
| 008 - FIXED-LENGTH DATA ELEMENTS--GENERAL INFORMATION | |
| fixed length control field | 071127s2007 xxk f 000 0 eng d |
| 035 ## - SYSTEM CONTROL NUMBER | |
| System control number | (Sirsi) u141484 |
| 041 0# - LANGUAGE CODE | |
| Language code of text/sound track or separate title | eng |
| 100 1# - MAIN ENTRY--PERSONAL NAME | |
| Personal name | McConaghy, Martin |
| 245 00 - TITLE STATEMENT | |
| Title | Care aware |
| 260 ## - PUBLICATION, DISTRIBUTION, ETC. | |
| Date of publication, distribution, etc. | 2007 |
| 490 #0 - SERIES STATEMENT | |
| Series statement | Project |
| Volume/sequential designation | 20(1) October 2007, 35-37(3) |
| 520 ## - SUMMARY, ETC. | |
| Summary, etc. | Examines the need for more awareness of the Disability Discrimination Act 1995 and illustrates how best practice can deliver inclusive environments. Looks at the consequences of failing to provide adequate accessibility, duties under the Act, DDA compliant design, difficulties in agreeing the levels of accessibility of a design, and client risk issues. Concludes that appointing an access specialist can help a project manager and client fulfil their DDA duties, and outlines five steps to achieve this. |
| 590 ## - LOCAL NOTE (RLIN) | |
| Local note | KA |
| 650 24 - SUBJECT ADDED ENTRY--TOPICAL TERM | |
| Topical term or geographic name entry element | DISABILITY DISCRIMINATION ACT 1995 |
| 651 #4 - SUBJECT ADDED ENTRY--GEOGRAPHIC NAME | |
| Geographic name | United Kingdom |
| Chronological subdivision | |
| 690 ## - LOCAL SUBJECT ADDED ENTRY--TOPICAL TERM (OCLC, RLIN) | |
| Topical term or geographic name as entry element | MANAGEMENT-BUSINESS MANAGEMENT-DISCRIMINATION-DISABILITY DISCRIMINATION-ACCESSIBILITY |
| 942 ## - ADDED ENTRY ELEMENTS (KOHA) | |
| Suppress in OPAC | 0 |
| Withdrawn status | Lost status | Source of classification or shelving scheme | Damaged status | Not for loan | Home library | Current library | Shelving location | Date acquired | Total Checkouts | Full call number | Barcode | Date last seen | Copy number | Price effective from | Koha item type |
|---|---|---|---|---|---|---|---|---|---|---|---|---|---|---|---|
| Dewey Decimal Classification | London | London | Journal article | 27/11/2007 | L141484 | 141484-1001 | 06/08/2019 | 1 | 06/08/2019 | Journal article |